Calculus Term Matching Quiz Stats

 Plays Quiz not verified by Sporcle

Challenge
Share
Tweet
Embed
Score 0/11 Timer 05:00
0 Plays Today
% Correct
J. A point where the the first derivative of a function is 0 or Undefined.
82.3%
F. Derivative of position function.
81.7%
K. The value that a function approaches as the domain variable approach a specific value.
79%
G.Second derivative of position function.
76.9%
B. If a function of one variable is continuous on a closed interval and differentiable on the interval minus its endpoints there is at least one point where the derivative of the function is equal to the slope of the line joining the endpoints of the curve.
70.4%
A. Given the function f(x) that's continuous over an interval that goes from a to b, the function must take on every value between f(a) and f(b) over the interval.
67.7%
H. Removable disconinuity
67.7%
D. When the graph of the function is complete and has no discontinuities.
63.4%
C. If the slope of the function changes sign on the interval, then there most be a relative extrema on the interval.
60.2%
E. A curve that is smooth and contains no discontinuities or cusps.
52.2%
I. Non-removable discontinuity
49.5%

You're not logged in!

Compare scores with friends on all Sporcle quizzes.
OR
Log In

You Might Also Like...

Show Comments

Extras

Top Quizzes Today


Score Distribution

Your Account Isn't Verified!

In order to create a playlist on Sporcle, you need to verify the email address you used during registration. Go to your Sporcle Settings to finish the process.

Report this User

Report this user for behavior that violates our Community Guidelines.

Details: